000 004820000a22002050004500
650 _aEnglish literature
650 _aEnglish fiction
650 _aEnglish novel
082 _a823.8
_bB978w
518 _a20020311
530 _aM
100 _aButler, Samuel, 1835-1902
245 _aThe way of all flesh
020 _a1-85715-118-6
260 _aLondon
_bDavid Campbell Pub., Great Britain
260 _c1992
041 _aEng
300 _axxxvii,374p.
942 _cGEN
999 _c26162
_d26162